{"text_format":"1","workbook":"xlsx","n_sheets":2,"sheets":["Данные","Лист1"],"not_rendered":{"charts":0,"images":0,"macros":1,"external_links":0,"defined_names":4,"comments":0,"pivot_tables":0},"unopened":[],"bounds":{"document_bytes":16777216,"sheet_cells":100000,"rows_first":2000,"rows_last":500,"rows_between":2000,"halvings":0,"cell_chars":16384,"cell_head_chars":4096},"cells_cut":0,"cells_raw":0,"read":"whole","date_system":"1900"}

{"sheet":"Данные","index":0,"n_rows":66,"n_cols":10,"rows_kept":66,"cut":false,"hidden":false,"merged":[[1,0,1,9]]}
[null,null,null,null,null,null,null,null,"Приложение №1"]
["Перечень актуальных и готовых к реализации невостребованных МТР"]
[]
["Наименование лота","Наименование ОГ","№ лота","№ позиции","Наименование неликвидных (НЛ) и невостребованных ликвидных (НВЛ) материалов","Ед. изм","Количество","Мин. цена реализации за ед., руб., без НДС ","Сумма, руб. без НДС","Место нахождения"]
["Агрегаты","ПАО АНК \"Башнефть\" \"Башнефть-Новойл\"",1,1,"Агрегат 1НК65/35-70 Г2б СРОУ2, ВА180S2","ШТ",1,480781.8,{"$f":"H5*G5","v":480781.8},"450063, г. Уфа, ПАО АНК \"Башнефть\" \"Башнефть-Новойл\""]
["Агрегаты","ПАО АНК \"Башнефть\" \"Башнефть-Новойл\"",1,2,"Агрегат НД 1,0Р 160/25 К14-В 1.1/1500","ШТ",1,49434.5,49434.5,"450063, г. Уфа, ПАО АНК \"Башнефть\" \"Башнефть-Новойл\""]
["Агрегаты","ПАО АНК \"Башнефть\" \"Башнефть-Новойл\"",1,3,"Агрегат НД 1,0Р 160/25 К14-В 1.1/1500","ШТ",1,49434.5,49434.5,"450063, г. Уфа, ПАО АНК \"Башнефть\" \"Башнефть-Новойл\""]
["Агрегаты","ПАО АНК \"Башнефть\" \"Башнефть-Новойл\"",1,4,"Агрегат НД 2.5Р630/63 К1ВАИМЛ100L4","ШТ",1,247387.1,247387.1,"450063, г. Уфа, ПАО АНК \"Башнефть\" \"Башнефть-Новойл\""]
["Агрегаты","ПАО АНК \"Башнефть\" \"Башнефть-Новойл\"",1,5,"Агрегат НДР-6.3/100-К14ВАИМ63A4","ШТ",1,32370.3,32370.3,"450063, г. Уфа, ПАО АНК \"Башнефть\" \"Башнефть-Новойл\""]
["Агрегаты","ПАО АНК \"Башнефть\" \"Башнефть-Новойл\"",1,6,"Агрегат НПС 200/700Г1ВСУМТ, ВАО2-450LA2","ШТ",1,2417149.7999999998,2417149.7999999998,"450063, г. Уфа, ПАО АНК \"Башнефть\" \"Башнефть-Новойл\""]
["Газоанализаторы","ПАО АНК \"Башнефть\" \"Башнефть-Новойл\"",2,7,"Газоанализатор ОК-101","ШТ",1,12515.7,12515.7,"450063, г. Уфа, ПАО АНК \"Башнефть\" \"Башнефть-Новойл\""]
["Газоанализаторы","ПАО АНК \"Башнефть\" \"Башнефть-Новойл\"",2,8,"Газоуловитель НХ107.35.000","ШТ",1,564461.1,564461.1,"450063, г. Уфа, ПАО АНК \"Башнефть\" \"Башнефть-Новойл\""]
["Емкостное оборудование","ПАО АНК \"Башнефть\" \"Башнефть-Новойл\"",3,9,"Аппарат емкостный ГЭЭ1-1-25-1 исп.2","ШТ",1,13234.1,13234.1,"450063, г. Уфа, ПАО АНК \"Башнефть\" \"Башнефть-Новойл\""]
["Емкостное оборудование","ПАО АНК \"Башнефть\" \"Башнефть-Новойл\"",3,10,"Ресивер ч.4666","ШТ",2,42570,85140,"450063, г. Уфа, ПАО АНК \"Башнефть\" \"Башнефть-Новойл\""]
["Емкостное оборудование","ПАО АНК \"Башнефть\" \"Башнефть-Новойл\"",3,11,"Сепаратор ГС 2-5,2-3000-1-И-Т","ШТ",1,7234470,7234470,"450063, г. Уфа, ПАО АНК \"Башнефть\" \"Башнефть-Новойл\""]
["ОборудГрузоподъм.ЗИП","ПАО АНК \"Башнефть\" \"Башнефть-Новойл\"",4,12,"Звездочка Z=42 2-9270В к Д20-861","ШТ",1,2912.7,2912.7,"450063, г. Уфа, ПАО АНК \"Башнефть\" \"Башнефть-Новойл\""]
["ОборудГрузоподъм.ЗИП","ПАО АНК \"Башнефть\" \"Башнефть-Новойл\"",4,13,"Звездочка Z=42 2-9286В к Д20-861","ШТ",1,2846.1,2846.1,"450063, г. Уфа, ПАО АНК \"Башнефть\" \"Башнефть-Новойл\""]
["ОборудГрузоподъм.ЗИП","ПАО АНК \"Башнефть\" \"Башнефть-Новойл\"",4,14,"Звездочка Z=42 2-9286В к Д20-861","ШТ",1,2846.1,2846.1,"450063, г. Уфа, ПАО АНК \"Башнефть\" \"Башнефть-Новойл\""]
["ОборудГрузоподъм.ЗИП","ПАО АНК \"Башнефть\" \"Башнефть-Новойл\"",4,15,"Канат ОС-18-Г-В-Н-Т-Р-1770","М",200,83,16600,"450063, г. Уфа, ПАО АНК \"Башнефть\" \"Башнефть-Новойл\""]
["ОборудГрузоподъм.ЗИП","ПАО АНК \"Башнефть\" \"Башнефть-Новойл\"",4,16,"Коуш D=4мм DIN 6899","ШТ",34,2,68,"450063, г. Уфа, ПАО АНК \"Башнефть\" \"Башнефть-Новойл\""]
["ОборудГрузоподъм.ЗИП","ПАО АНК \"Башнефть\" \"Башнефть-Новойл\"",4,17,"Кошка Б г/п 1т H=3","ШТ",1,4556.2,4556.2,"450063, г. Уфа, ПАО АНК \"Башнефть\" \"Башнефть-Новойл\""]
["ОборудГрузоподъм.ЗИП","ПАО АНК \"Башнефть\" \"Башнефть-Новойл\"",4,18,"Нефтецепь приводная 2ПР-44,45-344","ПМ",9.9139999999999997,460,4560.4399999999996,"450063, г. Уфа, ПАО АНК \"Башнефть\" \"Башнефть-Новойл\""]
["ОборудГрузоподъм.ЗИП","ПАО АНК \"Башнефть\" \"Башнефть-Новойл\"",4,19,"Нефтецепь приводная 2ПР-44,45-344","ПМ",10,460,4600,"450063, г. Уфа, ПАО АНК \"Башнефть\" \"Башнефть-Новойл\""]
["ОборудГрузоподъм.ЗИП","ПАО АНК \"Башнефть\" \"Башнефть-Новойл\"",4,20,"Опора роликовая ЭКО(003) 7000714","ШТ",2,4146.3999999999996,8292.7999999999993,"450063, г. Уфа, ПАО АНК \"Башнефть\" \"Башнефть-Новойл\""]
["ОборудГрузоподъм.ЗИП","ПАО АНК \"Башнефть\" \"Башнефть-Новойл\"",4,21,"Платформа г/п 5т УDГ285.00.00.000.ТП","ШТ",1,436790,436790,"450063, г. Уфа, ПАО АНК \"Башнефть\" \"Башнефть-Новойл\""]
["ОборудГрузоподъм.ЗИП","ПАО АНК \"Башнефть\" \"Башнефть-Новойл\"",4,22,"Серьга 01","ШТ",2,100,200,"450063, г. Уфа, ПАО АНК \"Башнефть\" \"Башнефть-Новойл\""]
["ОборудГрузоподъм.ЗИП","ПАО АНК \"Башнефть\" \"Башнефть-Новойл\"",4,23,"Таль ТРЧПД г/п 8т H=3м ВБИ","ШТ",1,124030,124030,"450063, г. Уфа, ПАО АНК \"Башнефть\" \"Башнефть-Новойл\""]
["ОборудГрузоподъм.ЗИП","ПАО АНК \"Башнефть\" \"Башнефть-Новойл\"",4,24,"Таль ТРЧПД г/п 8т H=3м ВБИ","ШТ",1,124030,124030,"450063, г. Уфа, ПАО АНК \"Башнефть\" \"Башнефть-Новойл\""]
["ОборудГрузоподъм.ЗИП","ПАО АНК \"Башнефть\" \"Башнефть-Новойл\"",4,25,"Таль цепная 4.320 20т Zhejiang","ШТ",2,27630,55260,"450063, г. Уфа, ПАО АНК \"Башнефть\" \"Башнефть-Новойл\""]
["Оборудов.насосное","ПАО АНК \"Башнефть\" \"Башнефть-Новойл\"",5,26,"Насос 1КС80-155","ШТ",1,124496.3,124496.3,"450063, г. Уфа, ПАО АНК \"Башнефть\" \"Башнефть-Новойл\""]
["Оборудов.насосное","ПАО АНК \"Башнефть\" \"Башнефть-Новойл\"",5,27,"Насос GSV038BXDT01L06B 4ВР100L4 4/1500","ШТ",1,1093164.3,1093164.3,"450063, г. Уфа, ПАО АНК \"Башнефть\" \"Башнефть-Новойл\""]
["Оборудов.насосное","ПАО АНК \"Башнефть\" \"Башнефть-Новойл\"",5,28,"Насос GSV076BDXT01L06B ВА180S2 22/3000","ШТ",2,1842762.6,3685525.2,"450063, г. Уфа, ПАО АНК \"Башнефть\" \"Башнефть-Новойл\""]
["Оборудов.насосное","ПАО АНК \"Башнефть\" \"Башнефть-Новойл\"",5,29,"Насос масляный Н3.500.662","ШТ",1,61187.9,61187.9,"450063, г. Уфа, ПАО АНК \"Башнефть\" \"Башнефть-Новойл\""]
["Оборудов.насосное","ПАО АНК \"Башнефть\" \"Башнефть-Новойл\"",5,30,"Насос СД160/45","ШТ",2,63845.5,127691,"450063, г. Уфа, ПАО АНК \"Башнефть\" \"Башнефть-Новойл\""]
["Прочее оборудование","ПАО АНК \"Башнефть\" \"Башнефть-Новойл\"",6,31,"Адсорбер ч.95-153.01.01.00.000СБ воздух","ШТ",2,190407.2,380814.4,"450063, г. Уфа, ПАО АНК \"Башнефть\" \"Башнефть-Новойл\""]
["Прочее оборудование","ПАО АНК \"Башнефть\" \"Башнефть-Новойл\"",6,32,"Амперметр Э42702 300/5А кл.т. 1,5","ШТ",1,1292.7,1292.7,"450063, г. Уфа, ПАО АНК \"Башнефть\" \"Башнефть-Новойл\""]
["Прочее оборудование","ПАО АНК \"Башнефть\" \"Башнефть-Новойл\"",6,33,"Горелка ПГ-50М","ШТ",66,18988.099999999999,1253214.5999999999,"450063, г. Уфа, ПАО АНК \"Башнефть\" \"Башнефть-Новойл\""]
["Прочее оборудование","ПАО АНК \"Башнефть\" \"Башнефть-Новойл\"",6,34,"Калибратор температуры КТП-500","ШТ",1,158558,158558,"450063, г. Уфа, ПАО АНК \"Башнефть\" \"Башнефть-Новойл\""]
["Прочее оборудование","ПАО АНК \"Башнефть\" \"Башнефть-Новойл\"",6,35,"Кольцо Г6308-71.0004","ШТ",14,543.20000000000005,7604.8000000000011,"450063, г. Уфа, ПАО АНК \"Башнефть\" \"Башнефть-Новойл\""]
["Прочее оборудование","ПАО АНК \"Башнефть\" \"Башнефть-Новойл\"",6,36,"Преобразователь RS485-GB-485Ex-P35 4кан.","ШТ",1,25600,25600,"450063, г. Уфа, ПАО АНК \"Башнефть\" \"Башнефть-Новойл\""]
["Прочее оборудование","ПАО АНК \"Башнефть\" \"Башнефть-Новойл\"",6,37,"Регулятор расх/давл УРРД-2-25-0,04-0,16","ШТ",3,7340,22020,"450063, г. Уфа, ПАО АНК \"Башнефть\" \"Башнефть-Новойл\""]
["Прочее оборудование","ПАО АНК \"Башнефть\" \"Башнефть-Новойл\"",6,38,"Смеситель 05766528-У6.0520-516/1.2-СБ","ШТ",1,255340,255340,"450063, г. Уфа, ПАО АНК \"Башнефть\" \"Башнефть-Новойл\""]
["Прочее оборудование","ПАО АНК \"Башнефть\" \"Башнефть-Новойл\"",6,39,"Установка насосная 2УНД1ПГ125/25Д1В-59У2","ШТ",1,826040,826040,"450063, г. Уфа, ПАО АНК \"Башнефть\" \"Башнефть-Новойл\""]
["Ротор","ПАО АНК \"Башнефть\" \"Башнефть-Новойл\"",7,40,"Ротор 240.172","ШТ",1,67960,67960,"450063, г. Уфа, ПАО АНК \"Башнефть\" \"Башнефть-Новойл\""]
["Ротор","ПАО АНК \"Башнефть\" \"Башнефть-Новойл\"",7,41,"Ротор ч.240.185-02","ШТ",1,466760,466760,"450063, г. Уфа, ПАО АНК \"Башнефть\" \"Башнефть-Новойл\""]
["Ротор","ПАО АНК \"Башнефть\" \"Башнефть-Новойл\"",7,42,"Ротор ч.240.56","ШТ",1,65310,65310,"450063, г. Уфа, ПАО АНК \"Башнефть\" \"Башнефть-Новойл\""]
["Средства автоматизации","ПАО АНК \"Башнефть\" \"Башнефть-Новойл\"",8,43,"Модуль Phoenix Contact PLC-RSC-12DC/21AU","ШТ",10,571.20000000000005,5712,"450063, г. Уфа, ПАО АНК \"Башнефть\" \"Башнефть-Новойл\""]
["Средства автоматизации","ПАО АНК \"Башнефть\" \"Башнефть-Новойл\"",8,44,"Модуль ввода/вывода MES114F 59652","ШТ",2,17422.8,34845.599999999999,"450063, г. Уфа, ПАО АНК \"Башнефть\" \"Башнефть-Новойл\""]
["Средства автоматизации","ПАО АНК \"Башнефть\" \"Башнефть-Новойл\"",8,45,"Модуль ввода/вывода MES114F 59652","ШТ",3,17422.8,52268.399999999994,"450063, г. Уфа, ПАО АНК \"Башнефть\" \"Башнефть-Новойл\""]
["Средства автоматизации","ПАО АНК \"Башнефть\" \"Башнефть-Новойл\"",8,46,"Модуль связи Schneider ACE 949-2 59642","ШТ",3,5508.4,16525.199999999997,"450063, г. Уфа, ПАО АНК \"Башнефть\" \"Башнефть-Новойл\""]
["Теплообменное оборудование","ПАО АНК \"Башнефть\" \"Башнефть-Новойл\"",9,47,"Секция погруж. холодильника Луммус М13","ШТ",2,528050,1056100,"450063, г. Уфа, ПАО АНК \"Башнефть\" \"Башнефть-Новойл\""]
["Термооборудование","ПАО АНК \"Башнефть\" \"Башнефть-Новойл\"",10,48,"Терм. WIKA A5501(0..120)C-1-230-10-M20","ШТ",2,6070,12140,"450063, г. Уфа, ПАО АНК \"Башнефть\" \"Башнефть-Новойл\""]
["Термооборудование","ПАО АНК \"Башнефть\" \"Башнефть-Новойл\"",10,49,"Терм. БТ-54.222 (0-250C)-1.5-100-G1/2","ШТ",2,1710,3420,"450063, г. Уфа, ПАО АНК \"Башнефть\" \"Башнефть-Новойл\""]
["Термооборудование","ПАО АНК \"Башнефть\" \"Башнефть-Новойл\"",10,50,"Терм. ТБ-2 (0..200)C-1-80-10-М20","ШТ",1,520,520,"450063, г. Уфа, ПАО АНК \"Башнефть\" \"Башнефть-Новойл\""]
["Термооборудование","ПАО АНК \"Башнефть\" \"Башнефть-Новойл\"",10,51,"Терм. ТБП-100/80НХ/Т (0..160)C","ШТ",1,1320,1320,"450063, г. Уфа, ПАО АНК \"Башнефть\" \"Башнефть-Новойл\""]
["Термооборудование","ПАО АНК \"Башнефть\" \"Башнефть-Новойл\"",10,52,"Терм.608002/181084084110128262680/00080","ШТ",2,10460,20920,"450063, г. Уфа, ПАО АНК \"Башнефть\" \"Башнефть-Новойл\""]
["Термооборудование","ПАО АНК \"Башнефть\" \"Башнефть-Новойл\"",10,53,"Терм.608002/181085484161282626100/000100","ШТ",1,10960,10960,"450063, г. Уфа, ПАО АНК \"Башнефть\" \"Башнефть-Новойл\""]
["Термооборудование","ПАО АНК \"Башнефть\" \"Башнефть-Новойл\"",10,54,"Терм.Wika A5208(0..80)C-1-160-10мм-G1/2\"","ШТ",5,1620,8100,"450063, г. Уфа, ПАО АНК \"Башнефть\" \"Башнефть-Новойл\""]
["Термооборудование","ПАО АНК \"Башнефть\" \"Башнефть-Новойл\"",10,55,"Терминатор 9418/02-201-10","ШТ",1,3010,3010,"450063, г. Уфа, ПАО АНК \"Башнефть\" \"Башнефть-Новойл\""]
["Термооборудование","ПАО АНК \"Башнефть\" \"Башнефть-Новойл\"",10,56,"Термопр.ТТЦ05-700-1-ТЖК(J)-600-3","ШТ",1,2210,2210,"450063, г. Уфа, ПАО АНК \"Башнефть\" \"Башнефть-Новойл\""]
["Термооборудование","ПАО АНК \"Башнефть\" \"Башнефть-Новойл\"",10,57,"Термостат ZT-C-200-Р-XP 0..200С 1000мм","ШТ",1,29450,29450,"450063, г. Уфа, ПАО АНК \"Башнефть\" \"Башнефть-Новойл\""]
["Термооборудование","ПАО АНК \"Башнефть\" \"Башнефть-Новойл\"",10,58,"Термостат ZT-C-200-Р-XP 0..200С 1000мм","ШТ",1,29450,29450,"450063, г. Уфа, ПАО АНК \"Башнефть\" \"Башнефть-Новойл\""]
["Термооборудование","ПАО АНК \"Башнефть\" \"Башнефть-Новойл\"",10,59,"ТМ-510Р.00(0-6кгс/см2)М20х1,5.1,5","ШТ",5,412,2060,"450063, г. Уфа, ПАО АНК \"Башнефть\" \"Башнефть-Новойл\""]
["Термооборудование","ПАО АНК \"Башнефть\" \"Башнефть-Новойл\"",10,60,"ТМ-510Р.00(0-6кгс/см2)М20х1,5.1,5","ШТ",5,412,2060,"450063, г. Уфа, ПАО АНК \"Башнефть\" \"Башнефть-Новойл\""]
["Термооборудование","ПАО АНК \"Башнефть\" \"Башнефть-Новойл\"",10,61,"ТМ-610Р.00(0-1кгс/см2)М20х1,5.1,5","ШТ",5,708.1,3540.5,"450063, г. Уфа, ПАО АНК \"Башнефть\" \"Башнефть-Новойл\""]
["Термооборудование","ПАО АНК \"Башнефть\" \"Башнефть-Новойл\"",10,62,"ТМ-610Р.00(0-1кгс/см2)М20х1,5.1,5","ШТ",10,708.1,7081,"450063, г. Уфа, ПАО АНК \"Башнефть\" \"Башнефть-Новойл\""]

{"sheet":"Лист1","index":1,"n_rows":0,"n_cols":0,"rows_kept":0,"cut":false,"hidden":false,"merged":[]}